[Event "Ljubljana-chT 72nd 1st League"]
[Site "Ljubljana"]
[Date "2019.02.14"]
[Round "5.3"]
[White "Siraj, Svit"]
[Black "Krupenko, Katja"]
[Result "1-0"]
[WhiteElo "1673"]
[BlackElo "1189"]
[PlyCount "89"]
[EventDate "2019.01.10"]
[EventType "team-tourn"]
[EventRounds "9"]
[EventCountry "SLO"]
[SourceTitle "EXT 2024"]
[Source "ChessBase"]
[SourceDate "2023.10.10"]
[SourceVersion "1"]
[SourceVersionDate "2023.10.10"]
[SourceQuality "1"]
[WhiteTeam "Vrhnika"]
[BlackTeam "Medvode"]
[WhiteTeamCountry "SLO"]
[BlackTeamCountry "SLO"]

1. d4 d5 2. Bf4 Nf6 3. e3 c6 4. c4 e6 5. Nc3 Be7 6. c5 Nbd7 7. Nf3 0-0 8. Bd3 Nh5 9. Bg3 Nxg3 10. hxg3 g6 11. 0-0 Bf6 12. b4 e5 13. Be2 Re8 14. Qa4 exd4 15. exd4 Nf8 16. b5 Bd7 17. bxc6 Bxc6 18. Bb5 Qd7 19. Rfe1 Bxb5 20. Qxb5 Qxb5 21. Nxb5 Ne6 22. Rxe6 fxe6 23. Nc7 Rac8 24. Nxe8 Rxe8 25. Re1 Kf7 26. Ne5+ Bxe5 27. Rxe5 Rc8 28. Re3 Rc6 29. Ra3 a6 30. Rb3 Rc7 31. Rb6 Kf6 32. f3 h5 33. Kf2 g5 34. Ke3 g4 35. fxg4 hxg4 36. Kf4 Rg7 37. Rb3 Rg5 38. Rxb7 Rf5+ 39. Kxg4 Rf2 40. a3 Rxg2 41. Rb4 Rc2 42. Ra4 Rc4 43. Rxc4 dxc4 44. Kf4 a5 45. a4 1-0